000 00208 a2200097 4500
001 980
100 _aLadner,A.W.
245 _aShortwave wirreless communication
260 _a
_bChapman
_c
090 _c561
_d561
942 _aNUST-CAE
_cM
_c32056
999 _c236053
_d236053